[Event "GER CM04-C email"]
[Site "GER email"]
[Date "2017.06.26"]
[Round "?"]
[White "Claridge, John B"]
[Black "Smirnovs, Aleksandrs"]
[Result "1-0"]
[WhiteElo "2352"]
[BlackElo "2371"]
[PlyCount "87"]
[EventDate "2017.??.??"]
[EventType "tourn (corr)"]
[EventRounds "10"]
[EventCountry "GER"]
[SourceTitle "Corr 2020"]
[Source "ChessBase"]
[SourceDate "2019.09.30"]
[SourceVersion "1"]
[SourceVersionDate "2019.09.30"]
[SourceQuality "1"]

1. e4 c5 2. Nf3 d6 3. d4 cxd4 4. Nxd4 Nf6 5. Nc3 a6 6. Bg5 e6 7. f4 Qb6 8. Qd2 Qxb2 9. Rb1 Qa3 10. e5 h6 11. Bh4 dxe5 12. fxe5 g5 13. Bg3 Nh5 14. Ne4 Nd7 15. Rb3 Qxa2 16. Be2 Qa1+ 17. Bd1 Nc5 18. Nxc5 Nxg3 19. hxg3 Bxc5 20. c3 Qa5 21. 0-0 Rf8 22. Bh5 Qc7 23. Qe2 b5 24. Kh2 Bxd4 25. cxd4 Bb7 26. Rb2 Rc8 27. Qd1 Qc4 28. Rf6 Rc7 29. Qa1 Re7 30. Rd2 g4 31. Qd1 Be4 32. Bxg4 Rg8 33. Bf3 Bxf3 34. Qxf3 Qd5 35. Qa3 Rd7 36. Qxa6 h5 37. Rc2 h4 38. gxh4 Qxd4 39. Rc8+ Ke7 40. Qa3+ b4 41. Rxf7+ Kxf7 42. Qf3+ Kg6 43. Rxg8+ Kh7 44. Qg3 1-0

[Event "GER CM04-C email"]
[Site "GER email"]
[Date "2017.06.26"]
[Round "?"]
[White "Smirnovs, Aleksandrs"]
[Black "Engelen, Johan"]
[Result "1/2-1/2"]
[WhiteElo "2371"]
[BlackElo "2362"]
[PlyCount "42"]
[EventDate "2017.??.??"]
[EventType "tourn (corr)"]
[EventRounds "10"]
[EventCountry "GER"]
[SourceTitle "Corr 2020"]
[Source "ChessBase"]
[SourceDate "2019.09.30"]
[SourceVersion "1"]
[SourceVersionDate "2019.09.30"]
[SourceQuality "1"]

1. e4 e5 2. Nf3 Nc6 3. Bb5 Nf6 4. d3 Bc5 5. c3 0-0 6. 0-0 d6 7. Nbd2 Ne7 8. d4 exd4 9. cxd4 Bb6 10. Re1 Bg4 11. h3 Bh5 12. a4 a6 13. Bf1 Nc6 14. e5 Bxf3 15. Nxf3 dxe5 16. dxe5 Qxd1 17. Rxd1 Ne4 18. Be3 Bxe3 19. fxe3 Nc5 20. Nd4 Nxe5 21. Rdc1 b6 1/2-1/2

[Event "GER CM04-C email"]
[Site "GER email"]
[Date "2017.06.26"]
[Round "?"]
[White "Smirnovs, Aleksandrs"]
[Black "Sampieri, Maurizio"]
[Result "1/2-1/2"]
[WhiteElo "2371"]
[BlackElo "2362"]
[PlyCount "79"]
[EventDate "2017.??.??"]
[EventType "tourn (corr)"]
[EventRounds "10"]
[EventCountry "GER"]
[SourceTitle "Corr 2020"]
[Source "ChessBase"]
[SourceDate "2019.09.30"]
[SourceVersion "1"]
[SourceVersionDate "2019.09.30"]
[SourceQuality "1"]

1. e4 c5 2. Nf3 d6 3. d4 cxd4 4. Nxd4 Nf6 5. Nc3 a6 6. Be3 e5 7. Nb3 Be7 8. f3 Be6 9. Qd2 h5 10. Be2 Nbd7 11. Nd5 Nxd5 12. exd5 Bf5 13. 0-0 0-0 14. Na5 Qc7 15. c4 Nf6 16. b4 Qd7 17. Rac1 Rfe8 18. Rfe1 Bd8 19. h3 h4 20. Kh2 Nh5 21. Nb3 Ng3 22. c5 Nxe2 23. Rxe2 Bc7 24. Bg5 Qb5 25. Bxh4 b6 26. c6 a5 27. bxa5 bxa5 28. Na1 e4 29. Rce1 a4 30. Nc2 Ba5 31. Na3 Qc5 32. Qc1 Bxe1 33. Qxc5 dxc5 34. Rxe1 exf3 35. Nc4 Rxe1 36. Bxe1 fxg2 37. Bf2 f6 38. Nd6 Bd3 39. Bxc5 Ra5 40. Nb7 1/2-1/2